000 00605nam a2200205Ia 4500
001 14664
003 GE_BSU
008 181216s||||||||xx |||||||||||||| ||und||
040 _cGE_BSU
080 _a821.353.1-31
100 _aქიაჩელი,ლეო
245 _aგვადი ბიგვა
245 _cრედ.ლია ერისთავი.მხატვ.ბ.სამსონაძე
260 _aთბილისი
260 _bნაკადული
260 _c1980
300 _a227გვ.20სმ.
653 _aგვადი ბიგვა
942 _cBK
999 _c47790
_d47790